|
|
|
|
| LEADER |
00000nam0a2200000 4500 |
| 001 |
151588 |
| 005 |
20231031150754.0 |
| 010 |
|
|
|a 5270009145
|
| 020 |
|
|
|a RU
|b 90-28169
|
| 035 |
|
|
|a (RuTPU)RU\TPU\book\164355
|
| 090 |
|
|
|a 151588
|
| 100 |
|
|
|a 20090126d1990 m y0rusy5003 ca
|
| 101 |
1 |
|
|a rus
|c bak
|
| 102 |
|
|
|a RU
|
| 105 |
|
|
|a y z 000ay
|
| 200 |
1 |
|
|a Млечный путь
|e роман
|e пер. с башк.
|f А. Х. Хакимов
|g авт. послесл. Б. Рафиков
|
| 210 |
|
|
|a Москва
|c Современник
|d 1990
|
| 215 |
|
|
|a 334 с.
|
| 333 |
|
|
|a Исключено из фонда НТБ ТПУ
|
| 700 |
|
1 |
|a Хакимов
|b А. Х.
|g Ахияр Хасанович
|
| 702 |
|
1 |
|a Рафиков
|b Б.
|4 075
|
| 801 |
|
0 |
|a RU
|b RuMRKP
|c 19950417
|g psbo
|
| 801 |
|
1 |
|a RU
|b 63413507
|c 20090126
|g PSBO
|
| 801 |
|
2 |
|a RU
|b 63413507
|c 20220602
|g PSBO
|
| 942 |
|
|
|c BK
|